004530000a220009700045001000020000002450052000203000050000725200160001226500016002827730057002981 aLópez, Gloria10aEl Derecho a la participación en la Infancia. anúm.54 (Enero- Febrero, 2012), Pág. 54-59 aEl artículo aborda diferentes factores que facilitan u obstaculizan el derecho a la participación activa de los niños en la sociedad contemporánea.14aEDUCACIÓN0 tRevista internacional magisterio : educación y ped